01688nam a2200325 a 450000100100000000500170001000800410002702000250006802000240009304000250011708200150014210000430015724501570020026000530035730000320041049000100044250500540045259000260050670000300053270000340056271000600059683000170065695201140067395201140078795201080090195201140100995201080112395201140123199900170134500004696720201002053241.0150130s2015 dr abc 000 0 spa d a9789945495615 (v. 1) a9789945595222 (v.2) aDO-SdBNPbspacBNPHU axxxxbxxxx1 aRosa, María del Jesús De la91095410aMatemática 3 :btercer grado, primer ciclo educación primaria /cMaría del Jesús de la Rosa, Dolore de la Rosa ; ilustraciones Ramón Sandoval. aSanto Domingo :bActualidad Escolar 2000,c2015. av. :bil., retrs. ;c22 cm.1 aVeraz av. 1 ;tLibro de textogv. 2 :tlibro del maestro aInventariado, 2018/VM1 aRosa, Dolore de la9748711 aSandoval, Ramóneil.9109552 aActualidad Escolar 2000,(República Dominicana)973571 0aVeraz974848 0011718PDaGRbGRcMId2018-04-10iLF1l0ov. 1, e. 3p46967-30r2020-06-25w2020-06-25yLFPDZNo se presta 0010718PDaGRbGRcHDd2018-11-20iLF1l0ov. 2, e. 3p46967-60r2020-06-25w2020-06-25yLFPDZNo se presta 0010718PDaPDbPDcHDd2018-04-10iLF1l0ov. 1p46967-10r2020-06-25w2020-06-25yLFPDZNo se presta 0010718PDaPDbPDcHDd2018-04-10iLF1l0ov. 1, e. 2p46967-20r2020-06-25w2020-06-25yLFPDZNo se presta 0010718PDaPDbPDcHDd2018-11-20iLF1l0ov. 2p46967-40r2020-06-25w2020-06-25yLFPDZNo se presta 0010718PDaPDbPDcHDd2018-11-20iLF1l0ov. 2, e. 2p46967-50r2020-06-25w2020-06-25yLFPDZNo se presta c46455d46455